| 000 | 01100pab a2200169 454500 | ||
|---|---|---|---|
| 008 | 180718b2001 xxu||||| |||| 00| 0 eng d | ||
| 100 | _aWalsh, Peter | ||
| 245 | _aImproving government's response to local communities - is place management an answer? | ||
| 260 | _c2001 | ||
| 300 | _ap.3-12 | ||
| 362 | _aJun | ||
| 520 | _aThe notion of place management is emerging in public sector discourse as a potential solution to improve governments' responses to issues confronting local communities, particularly those experiencing high levels of economic and social disadvantage. Despite the increased currency of the term, there is a degree of confusion surrounding what it actually means. And it is not always clear what is meant by the notion of `place'. This article attempts to clarify a working definition of `place management' and to explore the policy and administrative implications for governments in adopting a place management approach. - Reproduced | ||
| 650 | _aManagement | ||
| 650 | _aPublic administration | ||
| 773 | _aAustralian Journal of Public Administration | ||
| 909 | _a49853 | ||
| 999 |
_c49853 _d49853 |
||